| 000 | 00594nam a2200205Ia 4500 | ||
|---|---|---|---|
| 001 | 20359 | ||
| 003 | GE_BSU | ||
| 008 | 181216s||||||||xx |||||||||||||| ||und|| | ||
| 040 | _cGE_BSU | ||
| 080 | _a1561-2457 | ||
| 245 | _aПсихология обучения, №3 Март 2017. | ||
| 245 | _cГл. ред. Т. Н. Березина и др. | ||
| 260 | _aМосква | ||
| 260 | _c2017 | ||
| 300 | _a155стр. 24см. | ||
| 653 | _aПериодика | ||
| 653 | _aПсихология обучения, №3 Март 2017. | ||
| 653 | _aპერიოდიკა | ||
| 942 | _cCR | ||
| 999 |
_c53318 _d53318 |
||